| 000 | 00658nam a2200205Ia 4500 | ||
|---|---|---|---|
| 003 | GCL | ||
| 008 | 140319s9999 xx 000 0 ara d | ||
| 040 |
_aGCL / _cGCL |
||
| 082 | 0 | 4 |
_a258.54 _bم ا |
| 100 | 1 | _aمحمد يوسف مرسى | |
| 245 | 1 | 0 |
_aابن تيميه / _cمحمد يوسف مرسى |
| 260 |
_aالقاهرة : _bمكتبة مصر ، _c1962 |
||
| 300 |
_a316 ص ؛ _c19سم |
||
| 490 |
_aاعلام العرب _v5 |
||
| 650 | 0 | 4 | _aالفقه الاسلامى |
| 650 | 0 | 4 | _aالاسلام - تراجم |
| 650 | 0 | 4 | _aابن تيمية، تقى الدين ابوالعباس |
| 650 | 0 | 4 | _aالفقهاء - تراجم |
| 942 |
_2ddc _cBK |
||
| 999 |
_c47057 _d47057 |
||